Sound / (Record no. 2163)

MARC details
000 -LEADER
fixed length control field 00962cam a2200277 a 4500
005 - DATE AND TIME OF LATEST TRANSACTION
control field 20250815161024.0
020 ## - INTERNATIONAL STANDARD BOOK NUMBER
International Standard Book Number 9781600140990
020 ## - INTERNATIONAL STANDARD BOOK NUMBER
International Standard Book Number 9780531284599
040 ## - CATALOGING SOURCE
Original cataloging agency DLC
Transcribing agency DLC
Modifying agency DLC
Language of cataloging eng
050 00 - LIBRARY OF CONGRESS CALL NUMBER
Classification number QC225.5
Item number .M36 2008
082 00 - DEWEY DECIMAL CLASSIFICATION NUMBER
Classification number 534
Edition number 22
100 1# - MAIN ENTRY--PERSONAL NAME
Personal name Manolis, Kay
245 10 - TITLE STATEMENT
Title Sound /
Statement of responsibility, etc. by Kay Manolis.
260 ## - PUBLICATION, DISTRIBUTION, ETC.
Place of publication, distribution, etc. Minneapolis, :
Name of publisher, distributor, etc. Scholastic,
Date of publication, distribution, etc. 2011
300 ## - PHYSICAL DESCRIPTION
Extent 24 pages :
Other physical details Illustrations
Dimensions 24 cm
490 0# - SERIES STATEMENT
Series statement Blastoff! readers. First science
505 ## - FORMATTED CONTENTS NOTE
Formatted contents note K
520 ## - SUMMARY, ETC.
Summary, etc. "First Science explains introductory physical science concepts about sound through real-world observation and simple scientific diagrams. Intended for students in grades three through six"--Provided by publisher.
521 ## - TARGET AUDIENCE NOTE
Target audience note 550
Source Lexile
521 ## - TARGET AUDIENCE NOTE
Target audience note K
Source Raz-Plus
650 #0 - SUBJECT ADDED ENTRY--TOPICAL TERM
Topical term or geographic name entry element Sound
Form subdivision Juvenile literature.
650 #0 - SUBJECT ADDED ENTRY--TOPICAL TERM
Topical term or geographic name entry element Sound
General subdivision Measurement
Form subdivision Juvenile literature.
906 ## - LOCAL DATA ELEMENT F, LDF (RLIN)
a 7
b cbc
c orignew
d 1
e ecip
f 20
g y-gencatlg
942 ## - ADDED ENTRY ELEMENTS (KOHA)
Source of classification or shelving scheme Dewey Decimal Classification
Koha item type Books
Suppress in OPAC No
999 ## -
-- 2163
-- 2163
Holdings
Withdrawn status Lost status Source of classification or shelving scheme Damaged status Not for loan Collection Home library Current library Shelving location Date acquired Total Checkouts Full call number Barcode Date last seen Date last checked out Price effective from Koha item type Copy number
    Dewey Decimal Classification     Non-Fiction Footprints International School Library Network Toul Kork Campus Footprints International School Library Network Toul Kork Campus TK Primary Library Room(4th Floor), Bookcase 3&4, Shelves 17-32, Yellow Books 11/08/2023 1 MAN 534 QC225.5 FISBK04297 12/03/2024 08/23/2024 11/08/2023 Books  
    Dewey Decimal Classification     Non-Fiction Footprints International School Library Network Toul Tom Poung Campus Footprints International School Library Network Toul Tom Poung Campus TTP Primary Yellow Bookshelves 08/15/2025   MAN 534 QC225.5 FISBK04313 08/15/2025   08/15/2025 Books 2